Краткий русско- китайский и китайско- русский словарь

Detalles Bibliográficos
Sumario:Издательство «Вече» приносит благодарность Канцелярии по прессе при Госсовете КНР и Китайскому агентству по авторским правам за безвозмездное предоставление права на издание этого Словаря в России. Издательство, учитывая, что настоящим Словарем могут пользоваться и китайские читатели, наряду с переводом на русский язык статей вступительной части Словаря, сохраняет их частично также и на китайском языке.
Lenguaje:ruso
chino
Publicado: Москва, Вече, 2006
Materias:
Formato: Libro
KOHA link:https://koha.lib.tpu.ru/cgi-bin/koha/opac-detail.pl?biblionumber=107468

MARC

LEADER 00000nam0a2200000 4500
001 107468
005 20231031115305.0
010 |a 5953300158 
035 |a (RuTPU)RU\TPU\book\116027 
090 |a 107468 
100 |a 20061225d2006 m y0rusy50 ca 
101 0 |a rus  |a chi 
102 |a RU 
105 |a y e 001zy 
200 1 |a Краткий русско- китайский и китайско- русский словарь 
210 |a Москва  |c Вече  |d 2006 
215 |a 608 с. 
320 |a Указатель: с. 340-358. 
330 |a Издательство «Вече» приносит благодарность Канцелярии по прессе при Госсовете КНР и Китайскому агентству по авторским правам за безвозмездное предоставление права на издание этого Словаря в России. Издательство, учитывая, что настоящим Словарем могут пользоваться и китайские читатели, наряду с переводом на русский язык статей вступительной части Словаря, сохраняет их частично также и на китайском языке. 
610 1 |a китайский язык 
610 1 |a лексика 
610 1 |a словари 
610 1 |a параллельные словари 
686 |a Ш171.11-4  |v LBC/SL-A  |2 rubbk 
801 1 |a RU  |b 63413507  |c 20061225  |g PSBO 
801 2 |a RU  |b 63413507  |c 20070112  |g PSBO 
942 |c BK